Le Mali pour les touristes... - Statistiques

Statistiques générales
  • Ce quiz a été pris 50 fois
  • Le résultat moyen est 9 sur 20
Statistiques - réponses
Question Indice Réponses % Correct
Quelle est la langue de travail ? Français
98%
Citez une des autres langues reconnues Bambara | Bomu | Bozo | Dogon [ Peul | Soninké | Songhai | Sénoufo-mamara | Syenara | Touareg | Hassanya | Khassonké | Malinké
88%
Ce pays est plus grand que la France (oui/non) Oui
80%
Quel pays a accordé son indépendance à celui-ci ? France
78%
La religion majoritaire est Islam
78%
Achats à faire 5/ Beurre de Karité
75%
Dans la capitale quel est le décalage horaire avec Paris ? (+ ou - et chiffre) ex - 10 - 2
70%
Quelle est la monnaie ? Franc CFA
68%
Le principal aéroport est B Bamako
58%
Quelles sont les principaux lieux touristiques ? D Grande mosquée de {Djenné}
50%
Achats à faire 1/ Statuettes en bois
48%
Le suffixe internet est ml
43%
Quel est le régime du pays ? D M Dictature militaire
28%
Quelles sont les principaux lieux touristiques ? B Falaises de {Bandiagara}
25%
Quelles sont les principaux lieux touristiques ? M Fort de {Médine}
18%
Achats à faire 4/ Bijoux de Mopti
15%
Achats à faire 2/ Arme blanche Sabre
13%
Achats à faire 3/ Boite en Cuir
3%
Code sur les plaques minéralogiques RMM
3%
Quels est le climat local ? T S Tropical semi-désertique
3%
Aucun quiz correspondant
Distribution des résultats
% des personnes avec chaque résultat
Percentile par nombre de réponses
Votre historique - résultats
Vous n’avez pas pris ce quiz